Nouvel atlas général

Đã lưu trong:
Sonraí Bibleagrafaíochta
Príomhúdar: Pierre Serryn
Formáid: Leabhar
Teanga:Undetermined
Foilsithe: Paris Bordas
Ábhair:
Clibeanna: Cuir Clib Leis
Gan Chlibeanna, Bí ar an gcéad duine leis an taifead seo a chlibeáil!
Thư viện lưu trữ: Trung tâm Học liệu Trường Đại học Cần Thơ
LEADER 00441nam a2200169Ia 4500
001 CTU_26778
008 210402s9999 xx 000 0 und d
082 |a 912 
082 |b S487n 
100 |a Pierre Serryn 
245 0 |a Nouvel atlas général 
245 0 |c Pierre Serryn 
260 |a Paris 
260 |b Bordas 
650 |a atlases,world geography 
904 |i Minh, 981020 
980 |a Trung tâm Học liệu Trường Đại học Cần Thơ